LEADER 01114nam a2200313 i 4500 001 991002978059707536 005 20021022144506.0 008 960610s1977 it ||| | ita 035 $ab11736860-39ule_inst 035 $aLE021FD223874$9ExL 040 $aDip. SSSC$bita 082 0 $a791.43 100 1 $aStern, Lee Edward$0529841 245 13$aIl Musical /$cLee Edward Stern ; a cura di Ted Sennet [cioè Sennett] 260 $aMilano :$bMilano libri,$c1977 300 $a160 p. :$bill. ;$c20 cm. 490 0 $aStoria illustrata del cinema 500 $aTit. orig. : The movie musical. - Trad. di R. Bianchi, N. Del Buono. 650 4$aFilm musicali$zStati Uniti d'America 650 4$aMusical 700 1 $aSennett, Ted 700 1 $aBianchi, Ruggero 700 1 $aDel Buono, Nicoletta 907 $a.b11736860$b27-04-17$c24-10-02 912 $a991002978059707536 945 $aLE021FD C28B64$g1$iLE021FD-1800$lle023$nFondo D'Amico$o-$pE0.00$q-$rn$so $t0$u0$v0$w0$x0$y.i11976779$z24-10-02 996 $aMusical$9903514 997 $aUNISALENTO 998 $ale021$b10-06-96$cm$da $e-$fita$git $h3$i1 LEADER 03796nam 22004935 450 001 9910483975803321 005 20200711224439.0 010 $a3-658-18506-6 024 7 $a10.1007/978-3-658-18506-0 035 $a(CKB)3710000001393590 035 $a(DE-He213)978-3-658-18506-0 035 $a(MiAaPQ)EBC4870939 035 $a(PPN)202989364 035 $a(EXLCZ)993710000001393590 100 $a20170601d2017 u| 0 101 0 $ager 135 $aurnn|008mamaa 181 $ctxt$2rdacontent 182 $cc$2rdamedia 183 $acr$2rdacarrier 200 10$aDatenschutzaufsicht nach der EU-Datenschutz-Grundverordnung $eNeue Aufgaben und Befugnisse der Aufsichtsbehörden /$fvon Alexander Roßnagel 205 $a1st ed. 2017. 210 1$aWiesbaden :$cSpringer Fachmedien Wiesbaden :$cImprint: Springer Vieweg,$d2017. 215 $a1 online resource (X, 204 S.) 225 1 $aDuD-Fachbeiträge,$x2512-6997 311 $a3-658-18505-8 320 $aIncludes bibliographical references. 327 $aVerfassungsrechtliche Aufgaben der Aufsichtsbehörden -- Unabhängigkeit der Aufsichtsbehörden -- Konzeption der Aufsicht in der Datenschutz-Grundverordnung -- Pflichten der Aufsichtsbehörde gegenüber Verantwortlichen und Betroffenen -- Aufgaben der Aufsichtsbehörden zur Harmonisierung des Datenschutzrechts -- Modus der Aufgabenerfüllung. 330 $aDas Buch enthält ein Rechtsgutachten, das im Auftrag der unabhängigen Datenschutzbehörden der Länder verfasst wurde. Es erläutert die durch die EU-Datenschutz-Grundverordnung veränderten Aufgaben und Befugnisse der Aufsichtsbehörden und ihre neue Verantwortung für den Grundrechtsschutz in der digitalen Welt. Um den Datenschutz in der Europäischen Union besser durchzusetzen und seine Anwendung zu harmonisieren, enthält die Datenschutz-Grundverordnung zahlreiche neue Instrumente, Institutionen und Verfahren. Diese beeinflussen die Aufgaben und Befugnisse der Aufsichtsbehörden, den Handlungsrahmen der Verantwortlichen und die Zusammenarbeit zwischen den Akteuren. Der Inhalt Verfassungsrechtliche Aufgaben der Aufsichtsbehörden Unabhängigkeit der Aufsichtsbehörden Konzeption der Aufsicht in der Datenschutz-Grundverordnung Pflichten der Aufsichtsbehörde gegenüber Verantwortlichen und Betroffenen Aufgaben der Aufsichtsbehörden zur Harmonisierung des Datenschutzrechts Modus der Aufgabenerfüllung Die Zielgruppen Dozierende und Studierende der Rechtswissenschaften, Verwaltungswissenschaften, Informatik, Wirtschaftsinformatik Verwaltungs- und Unternehmensmitarbeiter, Richter und Rechtsanwälte, Verantwortliche in der Datenverarbeitung, Journalisten, Verbandsvertreter, Unternehmensberater, Politiker, Politikberater Der Autor Dr. Alexander Roßnagel ist Universitätsprofessor für Öffentliches Recht und Direktor des Wissenschaftlichen Zentrums für Informationstechnik-Gestaltung (ITeG) an der Universität Kassel. . 410 0$aDuD-Fachbeiträge,$x2512-6997 606 $aComputers 606 $aComputer organization 606 $aInformation Systems and Communication Service$3https://scigraph.springernature.com/ontologies/product-market-codes/I18008 606 $aComputer Systems Organization and Communication Networks$3https://scigraph.springernature.com/ontologies/product-market-codes/I13006 615 0$aComputers. 615 0$aComputer organization. 615 14$aInformation Systems and Communication Service. 615 24$aComputer Systems Organization and Communication Networks. 676 $a005.7 700 $aRoßnagel$b Alexander$4aut$4http://id.loc.gov/vocabulary/relators/aut$0788591 906 $aBOOK 912 $a9910483975803321 996 $aDatenschutzaufsicht nach der EU-Datenschutz-Grundverordnung$92845361 997 $aUNINA